Guess the Album Songs - Speak Now (Taylor's Version) - Statistics

General Stats
  • This quiz has been taken 80 times
  • The average score is 20 of 22
Answer Stats
Answer % Correct
Speak Now
98%
Sparks Fly
97%
Back to December
95%
Enchanted
95%
Mean
95%
Mine
95%
Dear John
94%
Better than Revenge
92%
Last Kiss
92%
Haunted
90%
Long Live
90%
Electric Touch
89%
I Can See You
89%
Superman
89%
Timeless
87%
When Emma Falls in Love
87%
Innocent
85%
Never Grow Up
84%
Castles Crumbling
82%
Foolish One
81%
Ours
81%
Story of Us
74%
No matching quizzes found
Score Distribution
Percent of People with Each Score
Percentile by Number Answered
Your Score History
You have not taken this quiz